[Event "General Pico op"]
[Site "General Pico"]
[Date "2019.04.07"]
[Round "5"]
[White "Fernandez, Antonio Omar"]
[Black "Ojeda Labayru, Diana"]
[Result "1/2-1/2"]
[WhiteElo "1584"]
[BlackElo "1512"]
[PlyCount "45"]
[EventDate "2019.04.05"]
[EventType "swiss"]
[EventRounds "6"]
[EventCountry "ARG"]
[SourceTitle "CBM 190 Extra"]
[Source "ChessBase"]
[SourceDate "2019.07.15"]
[SourceVersion "1"]
[SourceVersionDate "2019.07.15"]
[SourceQuality "1"]

1. Nf3 Nf6 2. g3 g6 3. Bg2 Bg7 4. 0-0 0-0 5. c4 e6 6. Nc3 c6 7. d4 d5 8. h3 Re8 9. Be3 Nbd7 10. cxd5 cxd5 11. Rc1 Nb6 12. Ne5 Nfd7 13. Nxd7 Bxd7 14. b3 Rc8 15. Bf4 g5 16. Be3 e5 17. dxe5 Bxe5 18. Nxd5 Rxc1 19. Bxc1 Nxd5 20. Qxd5 Bf6 21. e3 Bc8 22. Qxd8 Rxd8 23. e4 1/2-1/2

[Event "ARG-ch (Women) 70th"]
[Site "Buenos Aires"]
[Date "2017.06.12"]
[Round "1"]
[White "Ojeda Labayru, Diana"]
[Black "Nejanky, Maisa"]
[Result "0-1"]
[WhiteElo "1488"]
[BlackElo "2036"]
[PlyCount "68"]
[EventDate "2017.06.12"]
[EventType "swiss"]
[EventRounds "9"]
[EventCountry "ARG"]
[SourceTitle "CBM 179 Extra"]
[Source "ChessBase"]
[SourceDate "2017.08.23"]
[SourceVersion "1"]
[SourceVersionDate "2017.08.23"]
[SourceQuality "1"]

1. e4 c5 2. Nf3 d6 3. d4 cxd4 4. Nxd4 Nf6 5. Nc3 Nc6 6. Nb3 g6 7. Be2 Bg7 8. 0-0 a5 9. a4 0-0 10. Be3 Be6 11. Nd4 Nxd4 12. Bxd4 Rc8 13. f3 Nd7 14. Bxg7 Kxg7 15. Nb5 Qb6+ 16. Kh1 Rfd8 17. b3 Nf6 18. c4 h5 19. Qe1 Qe3 20. Bd1 Qb6 21. Bc2 Rh8 22. h4 Bd7 23. Qd2 Rhd8 24. Rfe1 Qc5 25. Qxa5 Qf2 26. Qc3 Qxh4+ 27. Kg1 Qg3 28. Qe3 h4 29. f4 Ng4 30. Qxg3 hxg3 31. Nd4 Rh8 32. Ne2 Ne3 33. Bd3 Rh2 34. Nxg3 Rxg2+ 0-1

[Event "ARG-chT"]
[Site "Villa Martelli"]
[Date "2016.10.22"]
[Round "5.5"]
[White "Varacalli, Francisco"]
[Black "Ojeda Labayru, Diana"]
[Result "1-0"]
[WhiteElo "2033"]
[BlackElo "1421"]
[PlyCount "43"]
[EventDate "2016.09.24"]
[EventType "team-swiss"]
[EventRounds "9"]
[EventCountry "ARG"]
[SourceTitle "EXT 2018"]
[Source "ChessBase"]
[SourceDate "2017.10.13"]
[SourceVersion "1"]
[SourceVersionDate "2017.10.13"]
[SourceQuality "1"]
[WhiteTeam "Club Argentino"]
[BlackTeam "Ushuaia Jaque Mate"]
[WhiteTeamCountry "ARG"]
[BlackTeamCountry "ARG"]

1. e4 e5 2. Nf3 Nc6 3. Bc4 Bc5 4. c3 Nf6 5. d3 0-0 6. Bb3 d6 7. Nbd2 a6 8. h3 Be6 9. Nf1 d5 10. Qe2 dxe4 11. dxe4 Bxb3 12. axb3 Qc8 13. Ng3 Qe6 14. b4 Ba7 15. 0-0 h6 16. Nh4 Rfd8 17. Nhf5 Kf8 18. Qf3 Qc4 19. Nxg7 Kxg7 20. Bxh6+ Kxh6 21. Qxf6+ Kh7 22. Nf5 1-0

[Event "ARG-ch (Women)"]
[Site "Buenos Aires"]
[Date "2015.09.04"]
[Round "1"]
[White "Besso, Guadalupe"]
[Black "Ojeda Labayru, Diana"]
[Result "1-0"]
[WhiteElo "1984"]
[BlackElo "1359"]
[PlyCount "81"]
[EventDate "2015.09.04"]
[EventType "swiss"]
[EventRounds "8"]
[EventCountry "ARG"]
[SourceTitle "EXT 2016"]
[Source "ChessBase"]
[SourceDate "2015.10.08"]
[SourceVersion "1"]
[SourceVersionDate "2015.10.08"]
[SourceQuality "1"]

1. d4 Nf6 2. c4 g6 3. Nc3 d5 4. cxd5 Nxd5 5. e4 Nxc3 6. bxc3 Bg7 7. Bc4 0-0 8. Ne2 c5 9. Be3 Qa5 10. Kf1 Rd8 11. Rc1 Nc6 12. h4 Bg4 13. f3 Be6 14. Bxe6 fxe6 15. Qb3 cxd4 16. Qxe6+ Kf8 17. cxd4 Rd6 18. Qc4 Rad8 19. Rd1 Ne5 20. Qb3 Rb6 21. Qc3 Qxc3 22. Nxc3 Nc4 23. Bf2 Rb2 24. h5 b5 25. hxg6 hxg6 26. Kg1 b4 27. Nd5 a5 28. Nf4 Kf7 29. Rh7 Rh8 30. Rxg7+ Kxg7 31. d5 Rh1+ 32. Kxh1 Rxf2 33. Ra1 a4 34. Nd3 Rd2 35. Nxb4 a3 36. Rc1 Ne3 37. Rc3 Nxg2 38. Rxa3 Nf4 39. Ra7 Kf6 40. a4 Rf2 41. Nc6 1-0